00495 2200181 4500001002100000005001700021008004100038020001800079035002500097041000700122082001400129090002000143100002300163245006300186260002500249300002700274650001200301INLIS0000000000046680:yyyyMMddHHmmss180719||||||||| | ||| |||| || |  a979-8391-73-X a0010-031300000004668 aid0 a330.959.8 a330.959.8 LIN s0 aJ. Thomas Lindblad00aSejarah Ekonomi Modern Indonesia ; berbagai tantangan baru aJakartabLP3ESc2000 axviii+438 hal.; 23 cm. 0aekonomi